Odporúčanie pomocou grafových štruktúr

Saved in:
Bibliographic Details
Main Author: Antl, Ondrej (Author)
Other Authors: Zeleník, Dušan (Thesis advisor)
Format: Manuscript Book
Language:Slovak
Published: 2015
Subjects:
Online Access:http://is.stuba.sk/zp/portal_zp.pl?podrobnosti=96948
Tags: Add Tag
No Tags, Be the first to tag this record!

MARC

LEADER 00000ntm a22000003a 4500
001 stuzp53481
003 SK-STU
005 20160329154803.0
007 ta
008 150427s2015----xo-----f-mn---000-0-slo-d
040 |a STU  |b slo 
041 0 |a slo 
044 |a xo 
100 1 |a Antl, Ondrej  |u 070200  |4 aut  |U FIIT Fakulta informatiky a informačných technológií  |T FIIT Ústav informatiky a softvérového inžinierstva  |X 48066  |U I200  |Y 179  |7 48066 
242 0 1 |a Recommendation using graph data structures  |y eng 
245 1 0 |a Odporúčanie pomocou grafových štruktúr 
260 |c 2015 
300 |a 38 s.  |e CD-ROM 
650 4 |a odporúčanie  |2 slo 
650 4 |a podobnosť  |2 slo 
650 4 |a graf  |2 slo 
650 4 |a štruktúra  |2 slo 
650 4 |a databáza  |2 slo 
650 4 |a recommendation  |2 eng 
650 4 |a similarity  |2 eng 
650 4 |a data structure  |2 eng 
650 4 |a graph  |2 eng 
650 4 |a database  |2 eng 
700 1 |a Zeleník, Dušan  |4 ths  |X 29588  |7 A000029588 
856 4 |u http://is.stuba.sk/zp/portal_zp.pl?podrobnosti=96948 
996 |b 284IB00125  |c I* BAP114/15  |l II680  |s P  |a 0  |w stuzp53481_0001